Jalisco : candidato para la inversión extranjera /

Gorde:
Xehetasun bibliografikoak
Egile nagusia: Salazar Rivas, Diana (autor)
Beste egile batzuk: Sepúlveda Ruiz, Alma Rocío (autor) (autor)
Formatua: Liburua
Hizkuntza:gaztelania
Gaiak:
Etiketak: Etiketa erantsi
Etiketarik gabe, Izan zaitez lehena erregistro honi etiketa jartzen!

MARC

LEADER 00000nam^a2200000^a^4500
001 000113578
005 20250521000000.0
009 20260310093948.91
037 |a Acervo ITESO - Biblioteca 
041 |a ESP 
090 |a CIN. 127 
100 |a Salazar Rivas, Diana  |e (autor) 
245 1 0 |a Jalisco :  |b candidato para la inversión extranjera /  |c D. Salazar Rivas, A.R. Sepúlveda Ruiz. 
264 |a Guadalajara, México :  |b edición de autor,  |c 2000 
300 |a 182, [19] p. 
336 |a texto  |b txt  |2 rdacontenido 
337 |a sin mediación  |b n  |2 rdamedio 
338 |a volumen  |b nc  |2 rdasoporte 
593 |a Tesis de Lic. en Comercio Internacional 
649 |a XX 
650 |a Inversiones Extranjeras -  |z Jalisco 
650 |a Inversiones Extranjeras -  |z México 
650 |a Política Económica -  |z Jalisco 
650 |a Política Económica -  |z México 
650 |a Desarrollo Económico-Social -  |z Jalisco 
650 |a Desarrollo Económico-Social -  |z México 
650 |a Comercio Exterior -  |z México 
650 |a Economía 
700 |a Sepúlveda Ruiz, Alma Rocío  |e (autor) 
910 |a Fondo General 
920 |a Impresos - Tesis del ITESO 
930 |a Colección General 
905 |a 104 
901 |a 0500049672  |b IT2  |c TSS  |u 20250521 
902 |a https://opac.biblio.iteso.mx/vufind/Record/000113578